| 000 | 00630nam a2200205 a 4500 | ||
|---|---|---|---|
| 001 | 18398 | ||
| 003 | BD-RjUL | ||
| 005 | 20211209000259.0 | ||
| 008 | 140220r19501916enk 00001 d | ||
| 035 | _a(BD-RjUL)18456 | ||
| 040 |
_aDLC _beng _cDLC _dBD-RjUL |
||
| 041 | _aeng | ||
| 082 | 0 | 0 |
_a822.33 _bSHA 1950 |
| 245 | 0 | 0 |
_aShakespeare's England : _ban account of the life & manners of his age / |
| 260 | 0 |
_aOxford : _bClarendon Press, _c1916 [Reprinted 1950]. |
|
| 300 |
_a v. : _billus. ; _c22 cm. |
||
| 505 | 0 | 1 | _aVol. 1 -- V. 2 -- |
| 600 | 1 | 0 |
_aShakespeare, William, _d1564-1616 _xContemporary England. _9241804 |
| 942 |
_2ddc _cBK |
||
| 999 |
_c18398 _d18398 |
||